000 00344nas a22001337a 4500
003 OSt
005 20240514100331.0
008 240514b |||||||| |||| 00| 0 eng d
022 _a0970-2946
040 _cMRSPTU
245 _aIeema Journal
260 _aMumbai
_bIndian Electrical & Electronics Manufactures Association
942 _2ddc
_cPR
_n0
_s1
999 _c10249
_d10249